Ballons d'or football par années (1956-2024) - Statistiques

Statistiques générales
  • Ce quiz a été pris 185 fois
  • Le résultat moyen est 35 sur 68
Statistiques - réponses
Année Vainqueur % Correct
2024 Rodri
98%
2023 Lionel Messi
96%
2021 Lionel Messi
95%
2017 Cristiano Ronaldo
94%
2022 Karim Benzema
94%
2018 Luka Modrić
94%
2016 Cristiano Ronaldo
93%
2015 Lionel Messi
93%
2014 Cristiano Ronaldo
92%
2013 Cristiano Ronaldo
92%
2019 Lionel Messi
92%
2012 Lionel Messi
92%
2011 Lionel Messi
92%
2010 Lionel Messi
92%
2009 Lionel Messi
92%
2008 Cristiano Ronaldo
91%
2007 Kaká
83%
2006 Fabio Cannavaro
78%
1998 Zinédine Zidane
77%
2005 Ronaldinho
74%
2002 Ronaldo
71%
2004 Andriy Chevtchenko
64%
2001 Michael Owen
61%
2000 Luís Figo
59%
2003 Pavel Nedvěd
57%
1999 Rivaldo
57%
1997 Ronaldo
53%
1991 Jean-Pierre Papin
50%
1984 Michel Platini
50%
1995 George Weah
48%
1983 Michel Platini
47%
1988 Marco van Basten
46%
1996 Matthias Sammer
46%
1985 Michel Platini
46%
1989 Marco van Basten
45%
1992 Marco van Basten
42%
1993 Roberto Baggio
40%
1987 Ruud Gullit
38%
1990 Lothar Matthäus
36%
1994 Hristo Stoitchkov
33%
1974 Johan Cruyff
33%
1973 Johan Cruyff
33%
1956 Stanley Matthews
33%
1958 Raymond Kopa
31%
1957 Alfredo Di Stéfano
30%
1971 Johan Cruyff
30%
1959 Alfredo Di Stéfano
29%
1966 Bobby Charlton
29%
1986 Igor Belanov
29%
1980 Karl-Heinz Rummenigge
28%
1978 Kevin Keegan
28%
1963 Lev Yachine
28%
1981 Karl-Heinz Rummenigge
27%
1979 Kevin Keegan
27%
1960 Luis Suárez
27%
1982 Paolo Rossi
27%
1965 Eusébio
24%
1976 Franz Beckenbauer
24%
1972 Franz Beckenbauer
24%
1968 George Best
24%
1970 Gerd Müller
24%
1962 Josef Masopust
20%
1964 Denis Law
19%
1977 Allan Simonsen
18%
1969 Gianni Rivera
18%
1975 Oleg Blokhine
17%
1961 Omar Sívori
17%
1967 Flórián Albert
16%
Aucun quiz correspondant
Distribution des résultats
% des personnes avec chaque résultat
Percentile par nombre de réponses
Votre historique - résultats
Vous n’avez pas pris ce quiz